000
00351nam a2200133Ia 4500
008
231129s1995||||xx |||||||||||||| ||spa||
020
_a
84-487-0196-8
082
_a
904 L516p
100
_a
Le Goff Jacques.
245
0
_a
Pensar la historia
260
_c
1995
264
_a
Barcelona : Altaya
942
_2
ddc
_c
BKS
999
_c
22591
_d
22591